Escola Universitària Jordi Rubió i Balaguer de Biblioteconomia i Documentació. Biblioteca : noves adquisicions / per Gemma Batlle i Carme Ortiz noves adquisicions / per Gemma Batlle i Carme Ortiz
Descripción Física:
núm. 25 : acumulatiu de noves adquisicions 1986
Otros Autores:
Ortiz, Carme
MARC
| LEADER | 00000nam a2200000Ia 4500 | ||
|---|---|---|---|
| 001 | 2353 | ||
| 008 | 160829s9999 xx 000 0 cat d | ||
| 080 | |a A-1-14 | ||
| 100 | |a Batlle, Gemma |9 20563 | ||
| 245 | |a Escola Universitària Jordi Rubió i Balaguer de Biblioteconomia i Documentació. Biblioteca : |b noves adquisicions / per Gemma Batlle i Carme Ortiz | ||
| 260 | |a Barcelona : |b Diputació, [1986?] | ||
| 300 | |a núm. 25 : |b acumulatiu de noves adquisicions 1986 | ||
| 610 | 2 | 0 | |a Escola Universitària Jordi Rubió i Balaguer de Biblioteconomia i Documentació |b Biblioteca |9 54301 |
| 650 | |a Biblioteconomia |x Bibliografia |x Catàlegs |9 35918 | ||
| 650 | |a Adquisicions (Biblioteques) |9 35920 | ||
| 700 | |a Ortiz, Carme |9 20565 | ||
| 710 | 1 | |a Barcelona (Catalunya : Província). |b Diputació |9 52408 | |
| 901 | |a Arxiu | ||
| 942 | |n 1 | ||
| 952 | |0 0 |1 0 |4 0 |6 A114 |7 1 |9 47121 |a Arxiu |b Arxiu |d 2016-12-01 |l 0 |o A-1-14 |p 2353 |r 2016-12-01 00:00:00 |w 2016-12-01 |y ARXIU | ||
| 999 | |c 50916 |d 50916 | ||